000 00349nam a2200133Ia 4500
005 20260326235456.0
008 260326s9999||||xx |||||||||||||| ||und||
100 _aRuiz Gómez, Darío
245 0 _aProceso de la Cultura en Antioquía /
_cDarío Ruiz Gómez
260 _bAutores Antioqueños
300 _a237 p.
650 _aCOLOMBIA
942 _cBK
999 _c7943
_d7943